Finacial management

Bibliographic Details
Main Author: Han Kang Hong
Format: Book
Published: Singapore : Butterwarths , 1990
Subjects:

MARC

LEADER 00000cam a2200000 7i4500
001 0000005890
002 000006364
005 20000330.0
020 |a 0409995878 
090 0 0 |a 658.15   |b HAN 
100 0 |a Han Kang Hong 
245 1 0 |a Finacial management   |c Han Kang Hong 
260 |a Singapore :   |b Butterwarths ,   |c 1990 
300 |a 437p. ;   |c 20cm. 
650 0 0 |a Corporations   |x Finance 
650 0 0 |a Financial management 
999 |a 033979   |b BUKU   |c PINJAMAN   |e PERPUSTAKAAN KOMUNITI PETALING JAYA